Statistics for European presidents

Click here to take the quiz!

General Stats

  • This quiz has been taken 11 times
  • The average score is 10 of 32

Answer Stats

CountryPresident% Correct
FranceEmmanuel Macron
90%
RussiaVladimir Putin
70%
GermanyFrank-Walter Steinmeier
60%
PolandAndrzej Duda
50%
AustriaAlexander Van der Bellen
50%
SerbiaAleksandar Vučić
50%
ItalySergio Mattarella
40%
IrelandMichael D. Higgins
30%
PortugalMarcelo Rebelo de Sousa
30%
RomaniaKlaus Iohannis
30%
UkraineVolodymyr Zelensky
30%
FinlandSauli Niinistö
30%
CzechiaMiloš Zeman
30%
SlovakiaZuzana Čaputová
30%
SloveniaBorut Pahor
30%
BelarusAlexander Lukashenko
30%
MontenegroMilo Đukanović
30%
MoldovaMaia Sandu
20%
SwitzerlandGuy Parmelin
20%
AlbaniaIlir Meta
20%
MaltaGeorge Vella
20%
LithuaniaGitanas Nauséda
20%
IcelandGuðni Th. Jóhannesson
20%
HungaryJános Áder
20%
CroatiaZoran Milanović
20%
Bosnia and HerzegovinaMilorad Dodik
20%
KosovoVjosa Osmani
20%
North MacedoniaStevo Pendarovski
10%
LatviaEgils Levits
10%
GreeceKaterina Sakellaropoulou
10%
EstoniaKersti Kaljulaid
10%
BulgariaRumen Radev
10%

Score Distribution

Percentile by Number Answered

Percent of People with Each Score

Your Score History

You have not taken this quiz